[Event "47. NSV Senioren EM 2013"]
[Site "Sottrum"]
[Date "2013.03.11"]
[Round "3.4"]
[White "Piastowski, Kurt"]
[Black "Boettger, Reiner"]
[Result "1/2-1/2"]
[WhiteElo "1702"]
[BlackElo "1686"]
[PlyCount "59"]
[EventDate "2013.??.??"]
[WhiteTeam "SC Turm Lueneburg e.V."]
[BlackTeam "Blau-Weiss Buchholz"]

1. d4 Nf6 2. Nf3 e6 3. Bf4 d5 4. e3 c5 5. c3 Nc6 6. Bd3 Qb6 7. Qb3 Qxb3 8. axb3
Nh5 9. Bg3 Nxg3 10. hxg3 h6 11. Nbd2 Bd6 12. dxc5 Bxc5 13. b4 Bb6 14. Nb3 O-O
15. b5 Ne7 16. g4 f6 17. Nh4 e5 18. Nf5 Nxf5 19. Bxf5 Bxf5 20. gxf5 Rfd8 21.
O-O-O Kf7 22. Rd3 Rd7 23. Rhd1 Rad8 24. f3 Ke7 25. Kb1 Rd6 26. e4 d4 27. Kc2
Rc8 28. Nd2 dxc3 29. bxc3 Rxd3 30. Kxd3 1/2-1/2

[Event "47. NSV Senioren EM 2013"]
[Site "Sottrum"]
[Date "2013.03.11"]
[Round "3.5"]
[White "Szenetra, Werner"]
[Black "Becker, Bodo"]
[Result "1-0"]
[WhiteElo "2022"]
[BlackElo "1474"]
[PlyCount "33"]
[EventDate "2013.??.??"]
[WhiteTeam "SV Berenbostel"]
[BlackTeam "SC Sottrum"]

1. e4 e5 2. d3 Nf6 3. Nf3 Nc6 4. g3 Bc5 5. Bg2 d6 6. O-O h6 7. c3 O-O 8. a4 a6
9. h3 Bd7 10. Kh2 Ne8 11. d4 exd4 12. cxd4 Ba7 13. Nc3 Nf6 14. e5 Nh7 15. Ng1
Rb8 16. f4 dxe5 17. dxe5 1-0

[Event "47. NSV Senioren EM 2013"]
[Site "Sottrum"]
[Date "2013.03.11"]
[Round "3.6"]
[White "Fischer, Manfred"]
[Black "Zotin, Vladimir"]
[Result "1-0"]
[WhiteElo "1686"]
[BlackElo "1795"]
[PlyCount "101"]
[EventDate "2013.??.??"]
[WhiteTeam "SK Verden"]
[BlackTeam "Wilhelmshavener SC von 1887 e. V"]

1. d4 Nf6 2. c4 e6 3. Nc3 Bb4 4. Nf3 c5 5. Qc2 Nc6 6. a3 Qa5 7. e3 cxd4 8. exd4
d5 9. Rb1 Bxc3+ 10. bxc3 O-O 11. Bd3 dxc4 12. Bxc4 e5 13. O-O exd4 14. Nxd4
Nxd4 15. cxd4 Qh5 16. Rb5 Qh4 17. Bg5 Qxd4 18. Rd1 Qe4 19. Bd3 Qc6 20. Rc5 Qb6
21. Bxf6 gxf6 22. Bxh7+ Kg7 23. Be4 Be6 24. Rb1 Qd6 25. Rc3 Rac8 26. Bxb7 Bf5
27. Rg3+ Qxg3 28. Qxf5 Qg6 29. Bxc8 Rxc8 30. Qxg6+ fxg6 31. Rb7+ Kh6 32. g3 a5
33. Rb5 a4 34. Rb4 Ra8 35. Kg2 Ra5 36. g4 g5 37. Kg3 Kg6 38. h4 gxh4+ 39. Kxh4
Kh6 40. f4 Ra6 41. Kg3 Kg6 42. Kf3 Ra7 43. Ke3 Kf7 44. Kd4 Ra5 45. Kc4 Kg6 46.
Rb6 Kg7 47. Rb5 Ra7 48. Kb4 Kg6 49. Rb6 Kg7 50. Kb5 Kf7 51. Kc6 1-0

[Event "47. NSV Senioren EM 2013"]
[Site "Sottrum"]
[Date "2013.03.11"]
[Round "3.8"]
[White "Gilde, Guenter"]
[Black "Kuenitz, Bernhard"]
[Result "0-1"]
[WhiteElo "1602"]
[BlackElo "1757"]
[PlyCount "96"]
[EventDate "2013.??.??"]
[WhiteTeam "SC Sottrum"]
[BlackTeam "SAbt SV Werder Bremen"]

1. e4 e5 2. Nf3 Nc6 3. Bb5 Bc5 4. c3 d6 5. d4 exd4 6. cxd4 Bb4+ 7. Bd2 Bxd2+ 8.
Nbxd2 Bd7 9. O-O Nge7 10. Ba4 O-O 11. a3 Bg4 12. Qe1 a6 13. d5 Ne5 14. Nxe5
dxe5 15. f3 Bh5 16. Bb3 b5 17. Rc1 Qd6 18. Rf2 Rac8 19. Nf1 c5 20. dxc6 Rxc6
21. Rd2 Qc7 22. Rxc6 Nxc6 23. Ng3 Bg6 24. Ne2 h6 25. Kh1 Rd8 26. Rc2 Qb6 27.
Bd5 Rxd5 28. exd5 Bxc2 29. Qc3 Nd4 30. Nxd4 Qxd4 31. Qxc2 Qxd5 32. h3 Qe6 33.
Qe4 g6 34. Kh2 Kg7 35. g3 Qd6 36. Qc2 Qd5 37. Qc3 Qd4 38. Qxd4 exd4 39. Kg2 Kf6
40. Kf2 Ke5 41. Ke2 f5 42. Kd3 g5 43. b4 h5 44. Kd2 g4 45. hxg4 hxg4 46. f4+
Ke4 47. Ke2 d3+ 48. Kf2 Kd4 0-1

[Event "47. NSV Senioren EM 2013"]
[Site "Sottrum"]
[Date "2013.03.11"]
[Round "3.9"]
[White "Klein, Manfred"]
[Black "Montag, Gottfried"]
[Result "1-0"]
[WhiteElo "1729"]
[BlackElo "1462"]
[PlyCount "63"]
[EventDate "2013.??.??"]
[WhiteTeam "SC Sottrum"]
[BlackTeam "SK Neustadt"]

1. d4 d5 2. c4 c6 3. Nc3 e6 4. Nf3 Nf6 5. Bg5 Nbd7 6. e3 Be7 7. h3 O-O 8. Bf4
Qa5 9. c5 Ne4 10. Bd3 Ndf6 11. Qc2 b5 12. O-O Nxc3 13. bxc3 Bb7 14. Nd2 Qd8 15.
e4 dxe4 16. Nxe4 Nxe4 17. Bxe4 g6 18. a4 a6 19. Bh6 Re8 20. Qd2 Bxc5 21. dxc5
Qh4 22. Qf4 Qe7 23. Rad1 f5 24. Bf3 Rad8 25. Qe5 Rd7 26. Rxd7 Qxd7 27. Rd1 Qf7
28. Rd6 bxa4 29. Bxc6 Bxc6 30. Rxc6 a3 31. Rc7 Re7 32. Rc8+ 1-0

[Event "47. NSV Senioren EM 2013"]
[Site "Sottrum"]
[Date "2013.03.11"]
[Round "3.10"]
[White "Buse, Detlef"]
[Black "Piehl, Reinhard"]
[Result "1-0"]
[WhiteElo "1917"]
[BlackElo "1802"]
[Annotator "Piehl,Reinhard"]
[PlyCount "77"]
[EventDate "2013.??.??"]
[WhiteTeam "SAbt SV Werder Bremen"]
[BlackTeam "SC Sottrum"]

1. e4 c5 2. Nf3 d6 3. d4 cxd4 4. Nxd4 Nf6 5. Nc3 a6 6. Be2 g6 7. O-O Bg7 8. Be3
O-O 9. a4 Nc6 10. Nb3 b6 11. f4 Bb7 12. Bf3 Nd7 13. Qd2 Rc8 14. Rfd1 Kh8 $2 15.
e5 Nc5 16. exd6 Nxb3 17. cxb3 e6 18. Qf2 b5 19. d7 Rc7 20. axb5 Nb8 21. Bb6
Bxf3 22. gxf3 Nxd7 23. bxa6 Qc8 24. Bxc7 Qxc7 25. Nb5 Qc6 26. Na7 Qc7 27. Rac1
Qxf4 28. Rc4 Qg5+ 29. Qg3 Qe3+ 30. Qf2 Qxb3 31. Rcd4 Ne5 32. Rd8 Nxf3+ 33. Kg2
Ng5 $2 34. R1d3 Qc4 $6 35. Rxf8+ Bxf8 36. Qd4+ Qxd4 37. Rxd4 Bc5 38. Rd8+ Kg7
39. Nc6 1-0

[Event "47. NSV Senioren EM 2013"]
[Site "Sottrum"]
[Date "2013.03.11"]
[Round "3.11"]
[White "Schumann, Wolfgang"]
[Black "Drechsel, Dieter"]
[Result "1/2-1/2"]
[WhiteElo "1544"]
[BlackElo "1550"]
[PlyCount "34"]
[EventDate "2013.??.??"]
[WhiteTeam "Eystruper SK"]
[BlackTeam "SV Caissa Wolfenbuettel"]

1. e4 e6 2. Nf3 d5 3. exd5 exd5 4. d4 Bd6 5. Nc3 c6 6. Bd3 Nf6 7. O-O O-O 8.
Re1 h6 9. h3 Qc7 10. Ne5 Be6 11. Qf3 Nbd7 12. Bf4 Nh7 13. Nxd7 Qxd7 14. Re2
Bxf4 15. Bxh7+ Kxh7 16. Qxf4 Bf5 17. Rae1 Be6 1/2-1/2

[Event "47. NSV Senioren EM 2013"]
[Site "Sottrum"]
[Date "2013.03.11"]
[Round "3.12"]
[White "Newerla, Alfred"]
[Black "Flasche-Alke, Hartmut"]
[Result "1-0"]
[WhiteElo "1514"]
[BlackElo "1162"]
[Annotator "Piehl,Reinhard"]
[PlyCount "49"]
[EventDate "2013.??.??"]
[WhiteTeam "SC Hasetal Herzlake"]
[BlackTeam "Findorffer Sfr"]

1. Nf3 d6 2. d4 Nf6 3. c4 e6 4. Nc3 Be7 5. e4 c5 6. dxc5 dxc5 7. Qxd8+ Bxd8 8.
e5 Nfd7 9. Ne4 O-O 10. Be3 Be7 11. O-O-O Nc6 12. Nd6 Ncxe5 (12... Ndxe5 13.
Nxc8 Raxc8 14. Bf4 Nxf3) 13. Nxc8 Raxc8 14. Bf4 Nxf3 15. Rxd7 Bg5 16. Bxg5 Nxg5
17. Rxb7 Ne4 18. f3 Nf2 19. Rg1 Rfd8 20. Be2 Rc6 21. Rf1 Rb6 22. Rxb6 Nd3+ 23.
Bxd3 axb6 24. Rd1 h6 25. Bh7+ 1-0

[Event "47. NSV Senioren EM 2013"]
[Site "Sottrum"]
[Date "2013.03.12"]
[Round "4.1"]
[White "Jentsch, Dieter"]
[Black "Rychlik, Kurt"]
[Result "1-0"]
[WhiteElo "1995"]
[BlackElo "1970"]
[PlyCount "67"]
[EventDate "2013.??.??"]
[WhiteTeam "SC Wolfsburg"]
[BlackTeam "SV Berenbostel"]

1. e4 c5 2. Nf3 e6 3. c3 d5 4. e5 Nc6 5. d4 Qb6 6. a3 f6 7. Bd3 Bd7 8. O-O c4
9. Bc2 g6 10. b3 cxb3 11. Bxb3 Bg7 12. Re1 fxe5 13. dxe5 Nge7 14. Bg5 O-O 15.
Nbd2 Nf5 16. Rb1 Qa5 17. Bc2 b6 18. Rb3 h6 19. Be3 Rac8 20. g4 Nxe3 21. Rxe3
Rf4 22. h3 g5 23. Qe2 Ne7 24. Qd3 Ba4 25. Nd4 Kf7 26. Rb2 Bxc2 27. Rxc2 a6 28.
Ne2 Ra4 29. Nd4 b5 30. Qh7 Rh8 31. Rf3+ Nf5 32. Rxf5+ exf5 33. Qxf5+ Ke8 34.
Qg6+ 1-0

[Event "47. NSV Senioren EM 2013"]
[Site "Sottrum"]
[Date "2013.03.12"]
[Round "4.2"]
[White "Pape, Manfred"]
[Black "Grimm, Uwe"]
[Result "0-1"]
[WhiteElo "2040"]
[BlackElo "1991"]
[PlyCount "120"]
[EventDate "2013.??.??"]
[WhiteTeam "SK Bad Harzburg"]
[BlackTeam "MTV Dannenberg"]

1. e4 Nc6 2. Nc3 d6 3. g3 e5 4. Bg2 Nf6 5. Nf3 Bg4 6. h3 Bxf3 7. Bxf3 Be7 8.
Bg2 Nd4 9. d3 c6 10. Be3 Ne6 11. d4 Qc7 12. d5 Nf8 13. a4 a5 14. O-O N8d7 15.
Qe2 O-O 16. Rfd1 Rfc8 17. f4 Bf8 18. Qf2 Re8 19. f5 h6 20. g4 Nh7 21. h4 Be7
22. Qg3 Qd8 23. g5 hxg5 24. hxg5 Nxg5 25. dxc6 bxc6 26. f6 gxf6 27. Bh3 Nf8 28.
Bf5 Ng6 29. Kf2 Kg7 30. Rh1 Rh8 31. Ne2 Qc7 32. Qg4 Rag8 33. Ng3 Nf4 34. Bxf4
exf4 35. Qxf4 Qb6+ 36. Qe3 Qxb2 37. e5 dxe5 38. Bd3 Qc3 39. Nf5+ Kf8 40. Rab1
Bb4 41. Rb3 Qc5 42. Rxh8 Qxe3+ 43. Kxe3 Rxh8 44. Bf1 Rh2 45. c3 Bc5+ 46. Kd3
Ke8 47. Kc4 Rf2 48. Rb8+ Kd7 49. Kxc5 Rxf5 50. Ba6 e4+ 51. Kb6 Ne6 52. Rb7+ Kd6
53. Rxf7 e3 54. Bc4 Nf4 55. Rf8 Nd5+ 56. Kxa5 Nxc3+ 57. Kb4 e2 58. Bxe2 Nxe2
59. Rd8+ Kc7 60. Rf8 Kb6 0-1

[Event "47. NSV Senioren EM 2013"]
[Site "Sottrum"]
[Date "2013.03.12"]
[Round "4.3"]
[White "Piastowski, Kurt"]
[Black "Szenetra, Werner"]
[Result "1/2-1/2"]
[WhiteElo "1702"]
[BlackElo "2022"]
[PlyCount "57"]
[EventDate "2013.??.??"]
[WhiteTeam "SC Turm Lueneburg e.V."]
[BlackTeam "SV Berenbostel"]

1. d4 g6 2. g3 Bg7 3. Bg2 d6 4. c4 Nf6 5. Nf3 O-O 6. O-O Nbd7 7. Nc3 e5 8. dxe5
dxe5 9. Qc2 c6 10. e4 Qe7 11. b3 a5 12. Bb2 Ne8 13. a4 Nc5 14. Ba3 Nc7 15. Ne1
Rd8 16. Rd1 Bg4 17. f3 Rxd1 18. Nxd1 Be6 19. Nd3 N7a6 20. Nxc5 Nxc5 21. Nb2 b6
22. Nd3 Rd8 23. Nxc5 bxc5 24. Rd1 Bf8 25. Rd3 Rxd3 26. Qxd3 Qd6 27. Qxd6 Bxd6
28. Bc1 f6 29. Bd2 1/2-1/2

[Event "47. NSV Senioren EM 2013"]
[Site "Sottrum"]
[Date "2013.03.12"]
[Round "4.4"]
[White "Hoose, Hannelore"]
[Black "Davydov, Mihail"]
[Result "0-1"]
[WhiteElo "1621"]
[BlackElo "1924"]
[PlyCount "143"]
[EventDate "2013.??.??"]
[WhiteTeam "SC Vahr"]
[BlackTeam "SK Neustadt"]

1. e4 d5 2. exd5 Qxd5 3. d4 Nf6 4. Nc3 Qa5 5. Nf3 Bf5 6. Bd3 e6 7. O-O Bxd3 8.
Qxd3 Nc6 9. Ne2 Be7 10. c3 a6 11. Ng3 Rd8 12. Qc2 O-O 13. a3 Qd5 14. Bf4 Qd7
15. Rad1 Bd6 16. Ne5 Qe7 17. Nxc6 bxc6 18. Bxd6 cxd6 19. Qa4 Qb7 20. Rd2 Ra8
21. Qc2 Rfb8 22. h3 d5 23. Re1 a5 24. Ree2 a4 25. Qd1 Qc7 26. Rc2 Rb3 27. Qd2
Rab8 28. Qe3 Nd7 29. Nf1 c5 30. Qc1 c4 31. Qd2 R8b6 32. Ng3 Qb8 33. Nf1 h6 34.
Ne3 Nf6 35. f3 Qg3 36. Nf1 Qd6 37. Ne3 Nh5 38. Nd1 Nf4 39. Re3 Nd3 40. Re2 Qg3
41. Kh1 g5 42. Qe3 Kg7 43. Qg1 Qb8 44. Qh2 Nf4 45. Red2 h5 46. g3 Nd3 47. g4
Ne1 48. Qxb8 Rxb8 49. Rc1 Nxf3 50. Rf2 hxg4 51. hxg4 Ne1 52. Rh2 Nd3 53. Rcc2
Rh8 54. Rxh8 Kxh8 55. Kg1 Kg7 56. Rh2 Rb6 57. Kf1 Kg6 58. Re2 f5 59. gxf5+ exf5
60. Ne3 Nf4 61. Rd2 g4 62. Kg1 Kg5 63. Nd1 Nd3 64. Re2 f4 65. Re8 g3 66. Kg2
Nxb2 67. Rg8+ Kf5 68. Rf8+ Ke4 69. Nxb2 Rxb2+ 70. Kf1 Kf3 71. Ke1 g2 72. Rg8
0-1

[Event "47. NSV Senioren EM 2013"]
[Site "Sottrum"]
[Date "2013.03.12"]
[Round "4.5"]
[White "Kuenitz, Bernhard"]
[Black "Fischer, Manfred"]
[Result "1-0"]
[WhiteElo "1757"]
[BlackElo "1686"]
[PlyCount "77"]
[EventDate "2013.??.??"]
[WhiteTeam "SAbt SV Werder Bremen"]
[BlackTeam "SK Verden"]

1. c4 e5 2. Nc3 c6 3. Nf3 d6 4. d3 Nf6 5. g3 Be7 6. Bg2 h6 7. a3 Bg4 8. b4 Qc7
9. Bb2 Nbd7 10. Rc1 O-O 11. O-O Rad8 12. Nd2 Nh7 13. b5 f5 14. h4 Bh5 15. a4
Nc5 16. Nb3 Ne6 17. d4 exd4 18. Nxd4 Nxd4 19. Qxd4 Qb8 20. Nd5 Bf6 21. Nxf6+
Nxf6 22. e3 c5 23. Qd2 b6 24. Ra1 Qc7 25. a5 Qe7 26. Bxf6 Qxf6 27. axb6 axb6
28. Ra6 Bf7 29. Bd5 Rb8 30. Rd1 Rfd8 31. Ra7 Bxd5 32. Qxd5+ Kh7 33. Rf7 Qe5 34.
Rxf5 Qxd5 35. Rfxd5 Rb7 36. Rxd6 Rxd6 37. Rxd6 Kg8 38. f4 Kf7 39. e4 1-0

[Event "47. NSV Senioren EM 2013"]
[Site "Sottrum"]
[Date "2013.03.12"]
[Round "4.6"]
[White "Boettger, Reiner"]
[Black "Klein, Manfred"]
[Result "1-0"]
[WhiteElo "1686"]
[BlackElo "1729"]
[PlyCount "69"]
[EventDate "2013.??.??"]
[WhiteTeam "Blau-Weiss Buchholz"]
[BlackTeam "SC Sottrum"]

1. e4 c5 2. Nf3 Nc6 3. d4 cxd4 4. Nxd4 Nf6 5. Nc3 d6 6. Bc4 Bd7 7. f3 g6 8. Be3
Bg7 9. Qd2 Qa5 10. O-O-O Rc8 11. Bb3 h5 12. Kb1 a6 13. h3 h4 14. Nxc6 Bxc6 15.
Bd4 Qh5 16. Qf2 Qg5 17. Rhe1 O-O 18. e5 dxe5 19. Rxe5 Qf4 20. Ne2 Qh2 21. Rxe7
Qd6 22. Qe3 Nd5 23. Bxd5 Bxd5 24. Nc3 Bxd4 25. Rxd4 Rxc3 26. bxc3 Qb6+ 27. Rb4
Qa5 28. a4 b5 29. Qc5 Qd8 30. Rd4 bxa4 31. Rxd5 Qb8+ 32. Qb4 Qh2 33. Rde5 a3
34. Re8 Rxe8 35. Rxe8+ 1-0

[Event "47. NSV Senioren EM 2013"]
[Site "Sottrum"]
[Date "2013.03.12"]
[Round "4.7"]
[White "Becker, Bodo"]
[Black "Buse, Detlef"]
[Result "0-1"]
[WhiteElo "1474"]
[BlackElo "1917"]
[PlyCount "54"]
[EventDate "2013.??.??"]
[WhiteTeam "SC Sottrum"]
[BlackTeam "SAbt SV Werder Bremen"]

1. e4 e5 2. Nf3 Nc6 3. d4 exd4 4. c3 dxc3 5. Nxc3 d6 6. Bc4 Nf6 7. O-O Be7 8.
Qc2 O-O 9. Bf4 Bg4 10. Rad1 Nh5 11. Bg3 Bxf3 12. gxf3 Bg5 13. a3 Bf4 14. Nd5
Bxg3 15. fxg3 Ne5 16. Be2 Nc6 17. f4 Nf6 18. Ne3 Qe7 19. Bd3 Nd4 20. Qb1 c5 21.
Rde1 Rae8 22. e5 dxe5 23. fxe5 Qxe5 24. Ng4 Qxe1 25. Nxf6+ gxf6 26. Bxh7+ Kg7
27. Qd3 Qe3+ 0-1

[Event "47. NSV Senioren EM 2013"]
[Site "Sottrum"]
[Date "2013.03.12"]
[Round "4.8"]
[White "Zotin, Vladimir"]
[Black "Meyer, Irmin"]
[Result "1/2-1/2"]
[WhiteElo "1795"]
[BlackElo "1884"]
[PlyCount "93"]
[EventDate "2013.??.??"]
[WhiteTeam "Wilhelmshavener SC von 1887 e. V"]
[BlackTeam "SAbt SV Werder Bremen"]

1. e3 d5 2. b3 f5 3. Bb2 Nf6 4. Nf3 e6 5. c4 Bd6 6. Qc2 O-O 7. Nc3 a6 8. cxd5
exd5 9. Rc1 c6 10. Na4 Ne4 11. Be2 Nd7 12. O-O Qc7 13. g3 Ne5 14. d3 Nf6 15.
Bd4 Neg4 16. Kg2 Qe7 17. h3 Ne5 18. Nb6 Rb8 19. Bxe5 Bxe5 20. d4 Bc7 21. Nxc8
Rbxc8 22. Qxf5 Ne4 23. Qg4 Rce8 24. Bd3 Rf6 25. Bxe4 dxe4 26. Nd2 Rg6 27. Qf5
Rf6 28. Qc5 Bd6 29. Qc4+ Kh8 30. Rc2 Rg6 31. d5 Qe5 32. Kh1 cxd5 33. Qe2 h5 34.
Rg1 h4 35. Nf1 hxg3 36. Rxg3 Rh6 37. Qg4 Qf6 38. f4 exf3 39. Rxf3 Qe7 40. Rcf2
Rh4 41. Qf5 Qe6 42. Kg2 Qxf5 43. Rxf5 d4 44. R2f3 b6 45. Rd5 Bc5 46. Kg3 dxe3
47. Nxe3 1/2-1/2

[Event "47. NSV Senioren EM 2013"]
[Site "Sottrum"]
[Date "2013.03.12"]
[Round "4.9"]
[White "Newerla, Alfred"]
[Black "Gilde, Guenter"]
[Result "0-1"]
[WhiteElo "1514"]
[BlackElo "1602"]
[PlyCount "103"]
[EventDate "2013.??.??"]
[WhiteTeam "SC Hasetal Herzlake"]
[BlackTeam "SC Sottrum"]

1. e4 e5 2. Nf3 Nc6 3. Bb5 a6 4. Ba4 Nf6 5. O-O d6 6. Re1 b5 7. Bb3 Be7 8. h3
O-O 9. c3 h6 10. d4 exd4 11. cxd4 Nh7 12. Nbd2 Na5 13. Bc2 c5 14. Nf1 Ng5 15.
Nxg5 Bxg5 16. dxc5 dxc5 17. Be3 Bxe3 18. Nxe3 Qg5 19. Qd5 Qxd5 20. Nxd5 Nc6 21.
Rad1 Nd4 22. Bb1 Ra7 23. b4 Ne6 24. bxc5 Nxc5 25. Rc1 Ne6 26. Re3 Bb7 27. Rec3
Bxd5 28. exd5 Nf4 29. Kf1 Nxd5 30. Rc8 g6 31. Be4 Nf6 32. Bf3 Rxc8 33. Rxc8+
Kg7 34. Ra8 Rxa8 35. Bxa8 a5 36. Ke2 Ne8 37. Kd3 Kf6 38. Kd4 Nc7 39. Bc6 Ne6+
40. Kd5 b4 41. Kc4 Ke5 42. Bd5 f6 43. Bxe6 Kxe6 44. Kb5 Kd5 45. Kxa5 Kc4 46.
Ka4 h5 47. g3 g5 48. f4 h4 49. fxg5 hxg3 50. gxf6 g2 51. f7 g1=Q 52. f8=Q 0-1

[Event "47. NSV Senioren EM 2013"]
[Site "Sottrum"]
[Date "2013.03.12"]
[Round "4.10"]
[White "Montag, Gottfried"]
[Black "Schumann, Wolfgang"]
[Result "1/2-1/2"]
[WhiteElo "1462"]
[BlackElo "1544"]
[PlyCount "50"]
[EventDate "2013.??.??"]
[WhiteTeam "SK Neustadt"]
[BlackTeam "Eystruper SK"]

1. e4 e5 2. Nf3 Nc6 3. Bb5 a6 4. Ba4 b5 5. Bb3 d6 6. d3 Be7 7. a3 Nf6 8. h3 O-O
9. O-O Be6 10. Nbd2 Qd7 11. Ng5 Bxb3 12. Nxb3 h6 13. Nf3 Nh7 14. Nh2 f5 15.
exf5 Qxf5 16. Qg4 Bg5 17. Bxg5 Nxg5 18. Qxf5 Rxf5 19. Ng4 Ne7 20. Ne3 Rf6 21.
Nc1 Raf8 22. Ne2 c6 23. b4 Nf5 24. Nxf5 Rxf5 25. Rae1 Ne6 1/2-1/2

[Event "47. NSV Senioren EM 2013"]
[Site "Sottrum"]
[Date "2013.03.12"]
[Round "4.11"]
[White "Drechsel, Dieter"]
[Black "Witt, Manfred"]
[Result "1-0"]
[WhiteElo "1550"]
[BlackElo "1184"]
[PlyCount "139"]
[EventDate "2013.??.??"]
[WhiteTeam "SV Caissa Wolfenbuettel"]
[BlackTeam "SC Sottrum"]

1. d4 d5 2. c4 c6 3. cxd5 cxd5 4. Nc3 Nf6 5. Nf3 h6 6. Qc2 Nc6 7. a3 e6 8. e3
a6 9. b4 Bd6 10. Bd3 O-O 11. O-O Re8 12. Re1 e5 13. dxe5 Nxe5 14. Nxe5 Bxe5 15.
g3 Qc7 16. Bb2 Bh3 17. Qb3 Be6 18. Qc2 Bh3 19. Rac1 Qd7 20. Qd2 Rac8 21. Rc2 b5
22. Rec1 Qb7 23. Bf1 Bf5 24. Bd3 Bh3 25. Nd1 Bxb2 26. Nxb2 Rxc2 27. Qxc2 Rc8
28. Qd2 Re8 29. Bf1 Bf5 30. Bg2 Ne4 31. Qd4 Nf6 32. Rc5 Be6 33. Nd3 Qd7 34. Ne5
Qb7 35. Qc3 Ne4 36. Bxe4 dxe4 37. Rc7 Qd5 38. Qd4 Rf8 39. h4 Rd8 40. Qxd5 Rxd5
41. Nc6 Rd1+ 42. Kg2 Bg4 43. Ne5 Be6 44. Rc6 Rd5 45. f4 exf3+ 46. Nxf3 Rd3 47.
Rxa6 Bd5 48. Kf2 Bb3 49. Ne5 Rd2+ 50. Kf3 Bd1+ 51. Kf4 Rf2+ 52. Ke4 Bc2+ 53.
Kd4 Bb3 54. Kc3 Bd1 55. Ra8+ Kh7 56. Ra7 f6 57. Nd3 Rf3 58. Kd2 Bb3 59. Nc5 Bc4
60. a4 bxa4 61. Nxa4 Rxg3 62. Nb2 Bf1 63. Rd7 Rg2+ 64. Kc3 Re2 65. Nc4 Rh2 66.
Rd2 Rh3 67. Rd4 Bg2 68. Rf4 Bd5 69. Kd3 Bxc4+ 70. Rxc4 1-0

[Event "47. NSV Senioren EM 2013"]
[Site "Sottrum"]
[Date "2013.03.13"]
[Round "5.1"]
[White "Davydov, Mihail"]
[Black "Jentsch, Dieter"]
[Result "1-0"]
[WhiteElo "1924"]
[BlackElo "1995"]
[PlyCount "101"]
[EventDate "2013.??.??"]
[WhiteTeam "SK Neustadt"]
[BlackTeam "SC Wolfsburg"]

1. c4 e6 2. g3 d5 3. cxd5 exd5 4. Bg2 Nf6 5. Nf3 Bd6 6. Nc3 O-O 7. O-O Bg4 8.
h3 Bh5 9. d3 Re8 10. Be3 c6 11. Qd2 Qe7 12. Bf4 Bb4 13. a3 Bd6 14. b4 Nbd7 15.
Rfb1 b5 16. Nd4 Bxf4 17. Qxf4 Rec8 18. Rc1 a5 19. bxa5 Qf8 20. Nb3 Re8 21. Ra2
Ne5 22. Qb4 Nfd7 23. g4 c5 24. Qxb5 Reb8 25. Qa4 c4 26. dxc4 Bg6 27. Nxd5 f5
28. c5 fxg4 29. hxg4 Bf7 30. c6 Nb6 31. Qd4 Nxd5 32. Bxd5 Nxg4 33. Bxf7+ Qxf7
34. Qxg4 Qxb3 35. Qc4+ Qxc4 36. Rxc4 Rxa5 37. c7 Rg5+ 38. Kh2 Rc8 39. Rd2 Rf5
40. a4 Rxf2+ 41. Kg3 Rff8 42. a5 g5 43. a6 Kf7 44. Rd7+ Kg6 45. Rc6+ Kf5 46.
Rxh7 Ke5 47. Rd7 Rfe8 48. Rd3 Rf8 49. a7 Ra8 50. Rb3 Rxa7 51. c8=Q 1-0

[Event "47. NSV Senioren EM 2013"]
[Site "Sottrum"]
[Date "2013.03.13"]
[Round "5.2"]
[White "Grimm, Uwe"]
[Black "Boettger, Reiner"]
[Result "1-0"]
[WhiteElo "1991"]
[BlackElo "1686"]
[PlyCount "63"]
[EventDate "2013.??.??"]
[WhiteTeam "MTV Dannenberg"]
[BlackTeam "Blau-Weiss Buchholz"]

1. f4 Nf6 2. Nf3 d5 3. e3 Bg4 4. b3 g6 5. Bb2 Bg7 6. Be2 O-O 7. O-O e6 8. d3 c5
9. Nbd2 Nc6 10. Ne5 Bxe2 11. Qxe2 Qc7 12. Kh1 d4 13. Nxc6 dxe3 14. Nc4 Qxc6 15.
Nxe3 Rfd8 16. Rf3 Qc7 17. Be5 Qa5 18. a4 Nd5 19. Nc4 Qb4 20. Raf1 Bxe5 21. fxe5
Rd7 22. Qf2 Rf8 23. Qh4 Qc3 24. Qg5 Kg7 25. Rh3 f5 26. exf6+ Rxf6 27. Rg1 Rdf7
28. Qe5 Qxc2 29. Nd6 Rf8 30. Ne4 Qe2 31. Rxh7+ Kxh7 32. Nxf6+ 1-0

[Event "47. NSV Senioren EM 2013"]
[Site "Sottrum"]
[Date "2013.03.13"]
[Round "5.3"]
[White "Buse, Detlef"]
[Black "Kuenitz, Bernhard"]
[Result "1-0"]
[WhiteElo "1917"]
[BlackElo "1757"]
[PlyCount "71"]
[EventDate "2013.??.??"]
[WhiteTeam "SAbt SV Werder Bremen"]
[BlackTeam "SAbt SV Werder Bremen"]

1. e4 e5 2. Nf3 Nc6 3. Bb5 d6 4. d4 Bd7 5. d5 Nce7 6. Bxd7+ Qxd7 7. c4 f5 8.
Ng5 Nf6 9. f3 h6 10. Ne6 f4 11. Nc3 a6 12. b4 g5 13. g4 Kf7 14. h4 Bg7 15. Qb3
Nh7 16. h5 Nf8 17. Nxg7 Kxg7 18. c5 Nh7 19. Bb2 Rhc8 20. Rc1 Nf6 21. Na4 Qb5
22. Rc4 Kf8 23. Kf2 Ke8 24. Rhc1 Qd7 25. Ke2 Rab8 26. cxd6 b5 27. Rxc7 Qxd6 28.
Rxc8+ Rxc8 29. Nc5 Rc7 30. a4 Nd7 31. Qa3 Nb6 32. axb5 axb5 33. Qa6 Nexd5 34.
Qxb5+ Ke7 35. exd5 Nxd5 36. Rd1 1-0

[Event "47. NSV Senioren EM 2013"]
[Site "Sottrum"]
[Date "2013.03.13"]
[Round "5.4"]
[White "Szenetra, Werner"]
[Black "Pape, Manfred"]
[Result "1/2-1/2"]
[WhiteElo "2022"]
[BlackElo "2040"]
[PlyCount "83"]
[EventDate "2013.??.??"]
[WhiteTeam "SV Berenbostel"]
[BlackTeam "SK Bad Harzburg"]

1. Nf3 Nf6 2. d3 g6 3. g3 Bg7 4. Bg2 d6 5. O-O O-O 6. e4 e5 7. Nbd2 Nbd7 8. a4
a5 9. Nc4 Nc5 10. b3 Re8 11. Ba3 b6 12. Rb1 Nfd7 13. h4 Nf8 14. Ng5 h6 15. Nh3
Be6 16. Ne3 Ra7 17. Kh2 c6 18. Qd2 Nh7 19. f3 h5 20. Qf2 d5 21. f4 Bxh3 22.
Kxh3 exf4 23. gxf4 dxe4 24. Bxc5 bxc5 25. dxe4 Bd4 26. e5 Nf6 27. Bf3 Rd7 28.
Rbe1 Nd5 29. Bxd5 Rxd5 30. Qg3 Bxe3 31. Rxe3 Rd4 32. c3 Qd7+ 33. Kh2 Rd2+ 34.
Rf2 Rxf2+ 35. Qxf2 Qf5 36. Rg3 Rd8 37. Rg5 Qe4 38. Rg2 Rd3 39. Rg3 Rd1 40. Rg1
Rd3 41. Rg3 Rd1 42. Rg1 1/2-1/2

[Event "47. NSV Senioren EM 2013"]
[Site "Sottrum"]
[Date "2013.03.13"]
[Round "5.6"]
[White "Meyer, Irmin"]
[Black "Fischer, Manfred"]
[Result "1-0"]
[WhiteElo "1884"]
[BlackElo "1686"]
[PlyCount "47"]
[EventDate "2013.??.??"]
[WhiteTeam "SAbt SV Werder Bremen"]
[BlackTeam "SK Verden"]

1. e4 e5 2. Nf3 Nc6 3. Bb5 d6 4. d4 exd4 5. Nxd4 Bd7 6. Nc3 a6 7. Bxc6 bxc6 8.
O-O Be7 9. Re1 Nf6 10. b3 O-O 11. Bb2 Re8 12. Qd3 a5 13. Rad1 a4 14. Nxa4 c5
15. Nb5 Bc6 16. c4 Nd7 17. Nac3 Ne5 18. Qe2 f6 19. a4 Rc8 20. f4 Bxb5 21. cxb5
Nf7 22. Qc4 Kf8 23. e5 Nh6 24. Ne4 1-0

[Event "47. NSV Senioren EM 2013"]
[Site "Sottrum"]
[Date "2013.03.13"]
[Round "5.7"]
[White "Klein, Manfred"]
[Black "Hoose, Hannelore"]
[Result "0-1"]
[WhiteElo "1729"]
[BlackElo "1621"]
[PlyCount "52"]
[EventDate "2013.??.??"]
[WhiteTeam "SC Sottrum"]
[BlackTeam "SC Vahr"]

1. d4 d5 2. c4 c6 3. Nc3 Nf6 4. Nf3 h6 5. Bf4 Nbd7 6. e3 e6 7. h3 dxc4 8. Bxc4
Nd5 9. Bg3 Bb4 10. Qb3 Qa5 11. O-O Bxc3 12. bxc3 Nxc3 13. Rac1 Nd5 14. e4 N5f6
15. Bxe6 fxe6 16. Qxe6+ Kd8 17. Ne5 Nxe5 18. Qd6+ Ned7 19. Rc5 Qb6 20. Re5 Re8
21. Bh4 c5 22. Qd5 g5 23. Qf7 gxh4 24. dxc5 Qc6 25. Rd1 Rxe5 26. Rd6 Qxc5 0-1

[Event "47. NSV Senioren EM 2013"]
[Site "Sottrum"]
[Date "2013.03.13"]
[Round "5.8"]
[White "Gilde, Guenter"]
[Black "Becker, Bodo"]
[Result "1-0"]
[WhiteElo "1602"]
[BlackElo "1474"]
[PlyCount "60"]
[EventDate "2013.??.??"]
[WhiteTeam "SC Sottrum"]
[BlackTeam "SC Sottrum"]

1. e4 e5 2. Nf3 Nc6 3. Bb5 a6 4. Ba4 Nf6 5. O-O b5 6. Bb3 d6 7. d3 Na5 8. c3
Nxb3 9. axb3 Be7 10. h3 O-O 11. Be3 Be6 12. c4 c5 13. Nc3 b4 14. Ne2 Qd7 15.
Ng5 h6 16. Nxe6 Qxe6 17. f4 exf4 18. Nxf4 Qc8 19. Nd5 Nxd5 20. exd5 Bf6 21. Qd2
Qd8 22. d4 cxd4 23. Bxd4 Bxd4+ 24. Qxd4 a5 25. Rf3 Qd7 26. Qh4 Kh7 27. Re3 Qa7
28. Qf2 Rae8 29. Rxe8 Qxf2+ 30. Kxf2 Rxe8 1-0